Sports Quiz

Random Sports or NFL Quiz

NFL Super Bowl Winners Quiz Stats

 Plays Quiz Updated Feb 3, 2019

Score 0/53 Timer 10:00
3 Plays Today
# Winner % Correct
IGreen Bay Packers
94%
IIGreen Bay Packers
90.4%
LIIINew England Patriots
86.6%
LINew England Patriots
84.5%
LIIPhiladelphia Eagles
84.2%
XLIXNew England Patriots
82.5%
50Denver Broncos
81.8%
XLVIIISeattle Seahawks
80.5%
IIINew York Jets
80%
XLIINew York Giants
77.6%
XLVIIBaltimore Ravens
76.6%
XLVINew York Giants
76.6%
XXXVIIINew England Patriots
76.3%
XXXIXNew England Patriots
75.9%
XLIIndianapolis Colts
74.6%
XLVGreen Bay Packers
74.4%
XXXVINew England Patriots
74.4%
XLIVNew Orleans Saints
74.2%
XLPittsburgh Steelers
73.6%
XLIIIPittsburgh Steelers
70.6%
XXXIVSt. Louis Rams
69.5%
XXVIIIDallas Cowboys
69%
XXVIIDallas Cowboys
68.8%
IVKansas City Chiefs
68.7%
XXXVBaltimore Ravens
68.2%
XXXIIDenver Broncos
68.2%
XPittsburgh Steelers
67.8%
# Winner % Correct
XXXIIIDenver Broncos
67.7%
IXPittsburgh Steelers
67.6%
XXXIGreen Bay Packers
67.1%
XXXDallas Cowboys
66.5%
XXXVIITampa Bay Buccaneers
66.5%
XIIIPittsburgh Steelers
65.8%
XXChicago Bears
64.7%
XXIXSan Francisco 49ers
64.2%
XXIIISan Francisco 49ers
64.1%
XXIVSan Francisco 49ers
63.6%
VIIMiami Dolphins
63.6%
XIVPittsburgh Steelers
63.4%
VBaltimore Colts
62.5%
VIDallas Cowboys
62.2%
XXVNew York Giants
61.8%
XIXSan Francisco 49ers
60.4%
XIIDallas Cowboys
59.9%
XVISan Francisco 49ers
58.9%
XXVIWashington Redskins
58.9%
XIOakland Raiders
58.7%
VIIIMiami Dolphins
58.6%
XVOakland Raiders
57.4%
XXINew York Giants
56.8%
XXIIWashington Redskins
55.8%
XVIIWashington Redskins
54.2%
XVIIILos Angeles Raiders
53.2%

You're not logged in!

Compare scores with friends on all Sporcle quizzes.
OR
Log In

You Might Also Like...

Show Comments

Extras

Top Quizzes Today


Score Distribution

Your Account Isn't Verified!

In order to create a playlist on Sporcle, you need to verify the email address you used during registration. Go to your Sporcle Settings to finish the process.

Report this User

Report this user for behavior that violates our Community Guidelines.

Details: